000 00348nam a2200133Ia 4500
005 20260328104314.0
008 260328s9999||||xx |||||||||||||| ||und||
100 _aChisholm, Linda
245 4 _aThe History of Landscape Design in 100 Gardens /
_cLinda Chisholm
260 _bTimber Press
300 _a517 p.
650 _aPAISAJISMO
942 _cBK
999 _c11073
_d11073